| LEADER |
00997nam0a2200217 450 |
| 001 |
16848019 |
| 010 |
|
|
|a 978-2-08-048136-8
|b rel.
|d 22
|
| 100 |
|
|
|a 20250721d2025 u u0frey01 ba
|
| 101 |
0 |
|
|a fre
|
| 102 |
|
|
|a FR
|
| 200 |
0 |
|
|a astronomie (L')
|f par Roland Lehoucq
|
| 207 |
|
1 |
|a
|
| 210 |
|
|
|a Paris
|c Flammarion-Jeunesse
|d 2025
|
| 215 |
|
|
|a 1 vol. (81 p.-2 dépl.)
|c illustrations en couleur
|d 36 x 28 cm
|
| 225 |
1 |
|
|a La bibliothèque des merveilles
|
| 300 |
|
|
|a Glossaire
|
| 330 |
|
|
|a Pour fêter les 150 ans des éditions Flammarion et rendre hommage à L'astronomie populaire de Camille Flammarion, un ouvrage avec de grandes photographies issues des bases de la NASA et de l'ESA avec des textes accessibles et des encadrés pédagogiques. Avec une frise dépliante de l'Univers.
|
| 700 |
|
0 |
|a Lehoucq
|b Roland
|4 70
|
| 900 |
|
|
|a Documentaire jeunesse
|
| 901 |
|
|
|a Accessible au prêt
|
| 995 |
|
|
|a Bibliothèque
|c Bibliothèque
|f 00156008863086
|h 00156008863086
|k E 520 LEH
|o p
|q j
|r az
|e Bibliothèque
|